Textbook of Pediatric Dentistry (Record no. 20841)

MARC details
000 -LEADER
fixed length control field 00385nam a22001577a 4500
003 - CONTROL NUMBER IDENTIFIER
control field SGT
020 ## - INTERNATIONAL STANDARD BOOK NUMBER
International Standard Book Number 978-8186809631
082 ## - DEWEY DECIMAL CLASSIFICATION NUMBER
Classification number 617.632
Item number T18D
100 ## - MAIN ENTRY--PERSONAL NAME
Personal name Damle S.G.
245 ## - TITLE STATEMENT
Title Textbook of Pediatric Dentistry
250 ## - EDITION STATEMENT
Edition statement 5th
260 ## - PUBLICATION, DISTRIBUTION, ETC. (IMPRINT)
Place of publication, distribution, etc NEW DELHI
Name of publisher, distributor, etc Arya Medi Publishing House Pvt. Ltd.
Year of Publication 2018
300 ## - PAGE DESCRIPTION
No. of Pages 1-1248
650 ## - SUBJECT ADDED ENTRY--TOPICAL TERM
Topical term or geographic name as entry element Pediatric Dentistry
942 ## - ADDED ENTRY ELEMENTS (KOHA)
Source of classification or shelving scheme Dewey Decimal Classification
Koha item type Books
942 ## - ADDED ENTRY ELEMENTS (KOHA)
-- 2
Holdings
Withdrawn status Lost status Source of classification or shelving scheme Damaged status Not for loan Home library Current library Shelving location Date acquired Vendor Name Cost, normal purchase price SGTU Bill Number Total Checkouts Full call number Accession No. (Barcode) Date last seen Bill Date Koha item type Date last borrowed
    Dewey Decimal Classification     SGT Dental Library SGT Dental Library Text Book 01/03/2021 AHUJA BOOK COMPANY 1500.00 SGTU 12616   617.632 T18D FD8136 01/03/2021 27/01/2021 Books  
    Dewey Decimal Classification     SGT Dental Library SGT Dental Library Text Book 01/03/2021 AHUJA BOOK COMPANY 1500.00 SGTU 12616 1 617.632 T18D FD8137 29/08/2025 27/01/2021 Books 14/08/2025
    Dewey Decimal Classification     SGT Dental Library SGT Dental Library Text Book 01/03/2021 AHUJA BOOK COMPANY 1500.00 SGTU 12616 3 617.632 T18D FD8138 19/08/2025 27/01/2021 Books 04/08/2025
    Dewey Decimal Classification     SGT Dental Library SGT Dental Library Text Book 01/03/2021 AHUJA BOOK COMPANY 1500.00 SGTU 12616 2 617.632 T18D FD8139 15/09/2025 27/01/2021 Books 01/09/2025
    Dewey Decimal Classification     SGT Dental Library SGT Dental Library Text Book 01/03/2021 AHUJA BOOK COMPANY 1500.00 SGTU 12616 2 617.632 T18D FD8140 20/10/2021 27/01/2021 Books 04/10/2021